000 00304cam a2200133ua 4500
041 _aeng
_h
100 _aRai, A.N .
245 _aknow your seed Through seed testing laboratory
260 _aDelhi :
_bDirector Extn. ,
_c1997.
300 _a ; .
504 _a
942 _cBK
999 _c12935
_d12935